000 nam a22 7a 4500
999 _c8232
_d8232
005 20191025061558.0
008 191025b xxu||||| |||| 00| 0 eng d
020 _a978380742434
_bpaperback
040 _beng
_cAPEC Schools Library
_erda
082 _aC 531.2
_bQ1 2010
245 _aQuantum of motion
264 _aMumbai, India :
_bMexus Education Pvt. Ltd.,
_c©2010.
300 _a136 pages :
_bcolored illustrations ;
336 _2rdacontent
_atext
337 _2rdamedia
_aunmediated
338 _2rdacarrier
_avolume
650 _aMotion.
650 _aForce and energy.
650 _aDynamics.
942 _2ddc
_cNFIC